Managing business support services: strategies for outsourcing and facilities management (Record no. 102471)

MARC details
000 -LEADER
fixed length control field 01072cam a2200289 4500
008 - FIXED-LENGTH DATA ELEMENTS--GENERAL INFORMATION
fixed length control field 021015n2002 000 0 eng u
020 ## - INTERNATIONAL STANDARD BOOK NUMBER
International Standard Book Number 0749439009
035 ## - SYSTEM CONTROL NUMBER
System control number (Sirsi) u120104
041 ## - LANGUAGE CODE
Language code of text/sound track or separate title eng.
050 ## - LIBRARY OF CONGRESS CALL NUMBER
Classification number 658.2
100 ## - MAIN ENTRY--PERSONAL NAME
Personal name Reuvid, J.
-- Editor
110 ## - MAIN ENTRY--CORPORATE NAME
Corporate name or jurisdiction name as entry element Institute of Directors
9 (RLIN) 795
245 ## - TITLE STATEMENT
Title Managing business support services: strategies for outsourcing and facilities management
250 ## - EDITION STATEMENT
Edition statement 2nd.
260 ## - PUBLICATION, DISTRIBUTION, ETC.
Place of publication, distribution, etc. London
Name of publisher, distributor, etc. Kogan Page
Date of publication, distribution, etc. 2002
300 ## - PHYSICAL DESCRIPTION
Extent xviii, 303p.
Dimensions 24cm.
350 ## - PRICE (NR) (BK AM CF MU VM SE) [OBSOLETE]
Price 29.95
520 ## - SUMMARY, ETC.
Summary, etc. Considers the management and sourcing of peripheral support services. Topics covered include: the principles of outsourcing and facilities management; outsourcing practice and applications; commercial and management considerations; and case studies.
650 ## - SUBJECT ADDED ENTRY--TOPICAL TERM
Topical term or geographic name entry element OUTSOURCING
650 ## - SUBJECT ADDED ENTRY--TOPICAL TERM
Topical term or geographic name entry element SUPPORT SERVICES
650 ## - SUBJECT ADDED ENTRY--TOPICAL TERM
Topical term or geographic name entry element MANAGEMENT-BUSINESS MANAGEMENT
690 ## - LOCAL SUBJECT ADDED ENTRY--TOPICAL TERM (OCLC, RLIN)
Topical term or geographic name as entry element FACILITIES MANAGEMENT
9 (RLIN) 6240
700 ## - ADDED ENTRY--PERSONAL NAME
Personal name Hinks, J.
International Standard Serial Number Editor
710 ## - ADDED ENTRY--CORPORATE NAME
Corporate name or jurisdiction name as entry element Sodexho UK
9 (RLIN) 4385
710 ## - ADDED ENTRY--CORPORATE NAME
Corporate name or jurisdiction name as entry element Cap Gemini Ernst & Young Group
9 (RLIN) 4384
942 ## - ADDED ENTRY ELEMENTS (KOHA)
Suppress in OPAC 0
Holdings
Withdrawn status Lost status Source of classification or shelving scheme Damaged status Not for loan Home library Current library Shelving location Date acquired Cost, normal purchase price Total Checkouts Full call number Barcode Date last seen Date last checked out Copy number Cost, replacement price Price effective from Koha item type
    Dewey Decimal Classification     London London Books 18/11/2002 25.46 32 658.2 REU 30068249 06/08/2019 13/08/2009 1 25.46 06/08/2019 Book